000 00536nam a2200145Ia 4500
008 140724s9999 xx 000 0 und d
050 _aT 58.62
_b.L345 2014
100 _aLaspona, Julian Antonio S.
245 _aTraining management system for Eureka! :
_binnovations and technology solutions philippines /
_cJulian Antonio S. Laspona.
260 _aLas PiƱas, Philippines :
_bSouthville International School and Colleges,
_cc2014.
300 _a228 p. :
_c28 cm.
521 _aInformation Technology
942 _cTH
999 _c229312
_d229312